000
00290cam a2200121ua 4500
082
_a
630.21
_b
NOR/AD
100
_a
Norman, A. G.
_9
1723
245
0
0
_a
Advances in Agronomy, Vol - 12 /
250
_a
1 /
260
_a
New York :
_b
Academic Press ,
_c
1960.
300
_a
464 ; .
942
_c
BK
999
_c
10633
_d
10633